03023nam a2200385uu 4500001000800000005001700008007001000025008004100035035001200076040001300088041000800101080000900109082000800118100004800126245027500174260003900449300001300488520131900501650003001820650003601850650003801886650003101924650005101955650004102006700005202047700004802099700005002147856006102197942001002258999001902268502001202287526000802299952016702307952016302474146086020260508091019.0co|||||||170222s2017 spa  a1460860 ccomduadb aspa aQ/CD 4a36110aCastro Ospina, Verónica4auteaut973901310aSistematización de las prácticas socioeducativas artísticas de la corporación "Arlequín y Los Juglares" como un aporte a los procesos de empoderamiento político de las mujeres afro descendientes víctimas del desplazamiento forzado en el período 2010-2015 aMedellín :bAutores (as),c2017. a1 CD-ROM3 a"Este trabajo de grado es una sistematización de las prácticas de la Corporación "Arlequín y los Juglares", en ella se realizó la reconstrucción histórica de sus 43 años, la descripción de sus prácticas socioeducativas artísticas, de los procesos de empoderamiento político en las mujeres afro descendientes de Yemayá, se analizó los aportes que tienen dichas prácticas a estos procesos y se cualificó la misma, para esto, se realizaron una serie de técnicas interactivas como la línea del tiempo, un sociodrama, pensándonos a "Arlequín y los Juglares", observación participante y no participante y entrevistas semiestructuradas. Esta experiencia permitió identificar el papel transformador que tiene la educación social y el arte, así mismo, evidenciar como éstos aportan a procesos de empoderamiento político en los sujetos a través de espacios de diálogo, reflexión, creación y problematización de sus realidades y en clave del proceso vivido, se visibilizó que éste transciende la concepción tradicional, ya que de acuerdo a la experiencia de las mujeres de Yemayá, también se refiere a la toma de la palabra y la toma de decisiones, a su participación en escenarios políticos y sociales e igualmente en su vida cotidiana y su hogar." aPedagogía social994402 aTransformación social9192998 aMujeres afrodescendientes9206319 7aArte y sociedad2lemb9140 aPrácticas artísticas pedagógicas9188196 7aEducación comunitaria2lemb91093910aGarcía Echeverri, Katherine4auteaut974476610aOrtiz Roldan, Sebastián4auteaut974929510aOspina Otavo, Viviana Yanet4thseths95616234 uhttps://bibliotecadigital.udea.edu.co/handle/10495/13952 cTESIS c753808d753808 b107c12 a108 001040708TESDIGBCaBCbBCd2017-02-22eMaterial adquirido por donacióniC1258560l0o361.8 C355s CD-ROMp1020584r2023-05-03 00:00:00t1w2023-05-03yDIGITAL 001040708DIGITALaCISHbCISHd2017-05-09eMaterial adquirido por donacióniC1261859l0oQ/CD-12118p15987678r2023-05-03 00:00:00t2w2023-05-03yDIGITAL